[Event "Pula op"]
[Site "Pula"]
[Date "1990.??.??"]
[Round "5"]
[White "Kutuzovic, Branko"]
[Black "Malaniuk, Vladimir P"]
[Result "1/2-1/2"]
[WhiteElo "2375"]
[BlackElo "2505"]

1.d4 Nf6 2.c4 e6 3.Nc3 Bb4 4.f3 d5 5.a3 Be7 6.e4 dxe4 7.fxe4 e5 8.d5 Bc5
9.Bg5 h6 10.Bh4 Bd4 11.Nce2 Nxe4 12.Qxd4 Qxh4+ 13.g3 exd4 14.gxh4 c5 15.dxc6 Nxc6
16.Rd1 Bg4 17.Bg2 f5 18.h3 Bh5 19.Bf3 Bf7 20.Nxd4 Nxd4 21.Rxd4 O-O 22.Ne2 Rad8
23.Bxe4 fxe4 24.Rxe4 b5 25.O-O Bxc4 26.Rxf8+ Rxf8 27.Nc3 Rf1+ 28.Kg2 Rc1
29.Rf4 Rc2+ 30.Rf2 Rc1 31.Rf4 Rc2+ 32.Rf2  1/2-1/2

[Event "Pula op"]
[Site "Pula"]
[Date "1990.??.??"]
[Round "7"]
[White "Savchenko, Stanislav"]
[Black "Maksimovic, Branimir"]
[Result "0-1"]
[WhiteElo "2400"]
[BlackElo "2365"]

1.d4 Nf6 2.c4 e6 3.Nc3 Bb4 4.f3 d5 5.a3 Be7 6.e4 dxe4 7.fxe4 e5 8.d5 O-O
9.Nf3 Bg4 10.Be2 Bc5 11.Nxe5 Bxe2 12.Qxe2 Bd4 13.Nf3 Bxc3+ 14.bxc3 Nxe4 15.O-O Re8
16.Qd3 Nd7 17.Nd4 Nd6 18.Bf4 Ne5 19.Bxe5 Rxe5 20.c5 Ne4 21.Nf5 Qd7 22.c4 Nxc5
23.Qd4 Rxf5 24.Qxc5 b6 25.Qd4 Re8 26.Rfe1 f6 27.Rxe8+ Qxe8 28.c5 Re5 29.Rf1 Qd7
30.cxb6 axb6 31.Rd1 Qe7 32.Qc3 Qd6 33.h3 Rg5 34.Qc4 Kf8 35.Kh1 Re5 36.a4 g6
37.Qd4 Rf5 38.Qc3 Kg7 39.Rc1 Kh6 40.Qd2+ g5 41.Rd1 c6  0-1

[Event "DEN-ch"]
[Site "Randers"]
[Date "1990.??.??"]
[Round "?"]
[White "Nielsen, Peter Heine"]
[Black "Christensen, Tobias"]
[Result "0-1"]
[WhiteElo "2280"]
[BlackElo "2255"]

1.d4 Nf6 2.c4 e6 3.Nc3 Bb4 4.f3 Nh5 5.Nh3 c5 6.d5 Qh4+ 7.g3 Qxc4 8.Bd2 Bxc3
9.Bxc3 Qxd5 10.Qc2 e5 11.Qf5 Nf6 12.Qxe5+ Qxe5 13.Bxe5 d5 14.Bxf6 gxf6 15.Nf4 Be6
16.O-O-O d4 17.e3 dxe3 18.Bb5+ Nc6 19.Bxc6+ bxc6 20.Nxe6 fxe6 21.Rd6 Ke7
22.Rxc6 Rhc8 23.Ra6 Rd8 24.Re1 Rd3 25.Ra4 f5 26.Rh4 Rh8 27.Ra4 Ra8 28.Rh4 Rh8
29.Ra4 Rhd8 30.Rxa7+ Kf6 31.Rxh7 R8d4 32.Kc2 Rd2+ 33.Kc3 R2d3+ 34.Kc2 Rd2+
35.Kc3 e2 36.Rh4 R2d3+ 37.Kc2 Rd2+ 38.Kc3 R4d3+ 39.Kc4 Rxf3 40.Rf4 Rc2+ 41.Kb5 Rxb2+
42.Kxc5 Rxf4 43.gxf4 Rxa2 44.Kd4 Ra3 45.Rxe2 Rf3 46.Ra2 Rxf4+ 47.Ke3 Rb4
48.Kf3 Rb3+ 49.Kg2 e5 50.h4 Kg6 51.Ra6+ Kh5 52.Rf6 Kg4 53.h5 Rb2+ 54.Kg1 Rb1+
55.Kg2 Rb2+ 56.Kg1 Kg5 57.Re6 e4 58.h6 Rb7  0-1

[Event "Rimavska Sobota"]
[Site "Rimavska Sobota"]
[Date "1990.??.??"]
[Round "3"]
[White "Bandza, Algirdas"]
[Black "Zhidkov, Valery S"]
[Result "1/2-1/2"]
[WhiteElo "2380"]
[BlackElo "2415"]

1.d4 Nf6 2.c4 e6 3.Nc3 Bb4 4.f3 d5 5.a3 Bxc3+ 6.bxc3 c5 7.cxd5 Nxd5 8.Qd3 O-O
9.e4 Nc7 10.Be3 Nc6 11.Nh3 cxd4 12.cxd4 e5 13.d5 Nd4 14.Bxd4 exd4 15.Nf2 Qf6
16.Rd1 Qb6 17.Be2 Bd7 18.Qxd4 Qd6 19.O-O Nb5 20.Bxb5 Bxb5 21.Ra1 Qe7 22.Rfc1 a6
23.Ng4 Rac8 24.Ne3 Qg5 25.e5 Rfe8 26.f4 Qh5 27.Re1 Qh4 28.Nf5 Qg4 29.Ne3 Qh4
30.Reb1 Rcd8 31.Ra2 f6 32.exf6 Qxf6 33.Qxf6 gxf6 34.Kf2 Re4  1/2-1/2

[Event "Rotterdam"]
[Site "Rotterdam"]
[Date "1990.??.??"]
[Round "?"]
[White "Timman, Jan H"]
[Black "Kortschnoj, Viktor"]
[Result "1/2-1/2"]
[WhiteElo "2680"]
[BlackElo "2625"]

1.d4 Nf6 2.c4 e6 3.Nc3 Bb4 4.f3 c5 5.d5 d6 6.e4 O-O 7.Ne2 Re8 8.a3 Ba5 9.Ng3 Bxc3+
10.bxc3 Qa5 11.Bd2 Bd7 12.Be2 Ba4 13.Qb1 Nbd7 14.Ra2 Rab8 15.O-O a6 16.Rb2 Qc7
17.Re1 Nf8 18.Bd3 Ng6 19.f4 e5 20.f5 Nf4 21.Bf1 Kh8 22.Qc1 b5 23.Bxf4 exf4
24.Qxf4 Re5 25.Reb1 h6 26.cxb5 axb5 27.c4 b4 28.axb4 cxb4 29.Qe3 b3 30.Ra1 Rb4
31.Bd3 Nd7 32.Ne2 Nc5 33.Nc3 Nxd3 34.Qxd3 Rxc4  1/2-1/2

[Event "Santa Clara"]
[Site "Santa Clara"]
[Date "1990.??.??"]
[Round "3"]
[White "Arencibia, Walter"]
[Black "Herrera, Irisberto"]
[Result "1-0"]
[WhiteElo "2425"]
[BlackElo "2410"]

1.d4 Nf6 2.c4 e6 3.Nc3 Bb4 4.f3 c5 5.d5 Bxc3+ 6.bxc3 d6 7.e4 Qe7 8.Ne2 Nh5
9.g4 Qh4+ 10.Kd2 Nf6 11.Qe1 Qxe1+ 12.Kxe1 h6 13.Ng3 Nbd7 14.h3 Ke7 15.Rb1 b6
16.f4 g6 17.Be3 Ba6 18.Be2 h5 19.g5 Ne8 20.h4 Nc7 21.a4 Rhe8 22.Kd2 Rab8
23.Bd3 Kf8 24.Rhe1 Kg7 25.Be2 e5 26.f5 Rf8 27.Rf1 Kg8 28.Rf2 Rbd8 29.Bf1 Bc8
30.Bh3 Nb8 31.Kd3 Bd7 32.Ra2 Nba6 33.Nf1 Rb8 34.Nd2 Kh8 35.Rf1 Kg8 36.Nb1 Rbd8
37.Rff2 Nb8 38.Rfb2 Na8 39.a5 bxa5 40.Rxa5  1-0

[Event "Santa Clara"]
[Site "Santa Clara"]
[Date "1990.??.??"]
[Round "7"]
[White "Arencibia, Walter"]
[Black "Garcia Gonzales, Guillermo"]
[Result "1/2-1/2"]
[WhiteElo "2425"]
[BlackElo "2500"]

1.d4 Nf6 2.c4 e6 3.Nc3 Bb4 4.f3 c5 5.d5 Bxc3+ 6.bxc3 Qa5 7.Bd2 O-O 8.e4 d6
9.Ne2 Re8 10.Ng3 Nbd7 11.dxe6 fxe6 12.f4 e5 13.f5 b6 14.Be2 Bb7 15.Qc2 h6
16.O-O Rad8 17.Be3 Bc6 18.a4 Qa6 19.Rfd1 Nf8 20.Rd2 Qb7 21.Bf3 Re7 22.Bf2 N8h7
23.h4 Be8 24.Qd1 Red7 25.Qe2 Rc7 26.Qd1 Rcd7 27.Qe2 Rc7 28.Rb2 Rcc8 29.Nf1 Bc6
30.Nd2 h5 31.a5 Rb8 32.axb6 axb6 33.Qd3 Ng4 34.Bxg4 hxg4 35.h5 Qf7 36.Ra6 Qxh5
37.Rbxb6 g3 38.Qxg3 Qd1+ 39.Be1 Rxb6 40.Rxb6 Rc8 41.Ra6 Rc7 42.Nf1 Nf6 43.Ne3 Qb1
44.Qh4 Qxe4 45.Qxe4 Nxe4 46.Kf1 Kf7 47.g4 g6 48.Ke2 Bb7  1/2-1/2

[Event "Santa Clara"]
[Site "Santa Clara"]
[Date "1990.??.??"]
[Round "11"]
[White "Yakovich, Yuri"]
[Black "Herrera, Irisberto"]
[Result "1-0"]
[WhiteElo "2470"]
[BlackElo "2410"]

1.d4 Nf6 2.c4 e6 3.Nc3 Bb4 4.f3 d5 5.a3 Be7 6.e4 dxe4 7.fxe4 e5 8.d5 Bc5
9.Nf3 Ng4 10.Na4 Bf2+ 11.Ke2 b5 12.h3 bxa4 13.hxg4 Bc5 14.Qxa4+ c6 15.b4 Bd4
16.Nxd4 exd4 17.g5 Qe7 18.Kf2 O-O 19.Bd2 Qe5 20.Be2 Qxe4 21.Qb3 Qe7 22.Qd3 f5
23.Qxd4 Nd7 24.Rae1 c5 25.Qh4 h6 26.gxh6 Nf6 27.Bf3 Ne4+ 28.Rxe4  1-0

[Event "Wch U20"]
[Site "Santiago"]
[Date "1990.??.??"]
[Round "7"]
[White "Hauchard, Arnaud"]
[Black "Rodriguez, Andres"]
[Result "1-0"]
[WhiteElo "2340"]
[BlackElo "2330"]

1.d4 e6 2.c4 Nf6 3.Nc3 Bb4 4.f3 d5 5.a3 Be7 6.e4 c5 7.cxd5 exd5 8.dxc5 d4
9.Na4 O-O 10.b4 b6 11.cxb6 axb6 12.Bd2 Bd6 13.Bd3 Qc7 14.Ne2 Nbd7 15.Nb2 Ne5
16.a4 Qe7 17.Bb5 Bxb4 18.Bxb4 Qxb4+ 19.Qd2 Qxd2+ 20.Kxd2 Rd8 21.Nd3 Ng6 22.Rhb1 Nf8
23.Rb4 Ne6 24.Bc4 Ba6 25.Bxe6 fxe6 26.Rxb6 Nd7 27.Rb4 e5 28.Rc1 Rdc8 29.Rxc8+ Rxc8
30.Nec1 g5 31.Rb2 Rc3 32.Rc2 Ra3 33.Rc7 Nb6 34.Nxe5 Rxa4 35.Ncd3 Ra2+ 36.Rc2 Ra3
37.Nb4 Bf1 38.Ke1 Ra1+ 39.Kf2 Na4 40.Ra2 Rxa2+ 41.Nxa2 Bb5 42.Nb4 Nb2 43.Nbc6 Bxc6
44.Nxc6 Nd1+ 45.Ke2 Ne3 46.g3 Nc2 47.Kd2 Ne3 48.Nxd4  1-0

[Event "Schwaebisch Gmuend op"]
[Site "Schwaebisch Gmuend"]
[Date "1990.??.??"]
[Round "?"]
[White "Moskalenko, Viktor"]
[Black "Jurek, Josef"]
[Result "0-1"]
[WhiteElo "2525"]
[BlackElo "2320"]

1.d4 Nf6 2.c4 e6 3.Nc3 Bb4 4.f3 c5 5.d5 Bxc3+ 6.bxc3 e5 7.e4 d6 8.Bd3 Nbd7
9.Ne2 Nf8 10.h4 h5 11.Bc2 Qa5 12.Ba4+ Bd7 13.Bxd7+ N6xd7 14.Qb3 O-O-O 15.a4 Ng6
16.Ng3 Ne7 17.O-O f6 18.Be3 Nb6 19.Rfb1 g6 20.Nf1 Rhg8 21.Nd2 g5 22.hxg5 fxg5
23.Qa3 Nd7 24.Rb5 Qc7 25.Rab1 Rdf8 26.Rxb7 Qxb7 27.Rxb7 Kxb7 28.Nb3 Rc8 29.Qc1 g4
30.f4 g3 31.f5 Rg4 32.Nd2 Ka8 33.a5 Ng8 34.Qc2 Ngf6 35.Kf1 h4 36.Ke2 a6 37.Qa4 Rc7
38.Kd3 Nb8 39.Qd1 Rh7 40.Nf3 Rhg7 41.Nd2 h3 42.gxh3 Rh4 43.Qh1 g2 44.Qh2 Nbd7
45.Nf3 Rxe4 46.Bg5 Rf4 47.Bxf4 e4+ 48.Ke3 exf3 49.Bg3 Nh5 50.Bf2 Ne5 51.Qg1 Rb7
52.Qc1 Nf4 53.f6 Nxh3 54.Bg1 f2 55.Bxf2 Nxf2 56.Qg1 Nfg4+ 57.Kf4 Rf7 58.Qxg2 Rxf6+
59.Ke4 Rf3  0-1

[Event "Sevilla op"]
[Site "Sevilla"]
[Date "1990.??.??"]
[Round "?"]
[White "Arencibia, Walter"]
[Black "Lalic, Bogdan"]
[Result "1/2-1/2"]
[WhiteElo "2425"]
[BlackElo "2475"]

1.d4 Nf6 2.c4 e6 3.Nc3 Bb4 4.f3 d5 5.a3 Bxc3+ 6.bxc3 c5 7.cxd5 Nxd5 8.dxc5 Qa5
9.e4 Ne7 10.Be3 O-O 11.Qb3 Qc7 12.Nh3 Nec6 13.Nf4 Na5 14.Qa4 Bd7 15.Bb5 Nbc6
16.O-O a6 17.Bxc6 Bxc6 18.Qb4 Bb5 19.Rfe1 Nc4  1/2-1/2

[Event "UKR-ch"]
[Site "Simferopol"]
[Date "1990.??.??"]
[Round "?"]
[White "Moskalenko, Viktor"]
[Black "Karpman, Vadim"]
[Result "1/2-1/2"]
[WhiteElo "2515"]
[BlackElo "2480"]

1.d4 Nf6 2.c4 e6 3.Nc3 Bb4 4.f3 d5 5.a3 Bxc3+ 6.bxc3 c5 7.cxd5 Nxd5 8.dxc5 f5
9.c4 Qh4+ 10.g3 Qxc4 11.e4 Qc3+ 12.Bd2 Qe5 13.Bg2 fxe4 14.fxe4 Nc3 15.Qc1 Nxe4
16.Bf4 Qd4 17.Be3 Qd3 18.Ne2 O-O 19.Nf4 Qc3+ 20.Qxc3 Nxc3 21.Kd2 Nb5 22.Rhb1 a6
23.a4 Rd8+ 24.Ke1 Nd4 25.Bxd4 Rxd4 26.Bxb7 Bxb7 27.Rxb7 Nc6 28.Rd1 Rc8 29.Rxd4 Nxd4
30.Nd3 e5 31.Kf2 h6 32.Ke3 Ne6 33.Rb4 e4 34.Kxe4  1/2-1/2

[Event "URS Army-chT"]
[Site "Simferopol"]
[Date "1990.??.??"]
[Round "?"]
[White "Vidoniak, Roman"]
[Black "Gogichaishvili, Giorgi"]
[Result "1/2-1/2"]
[WhiteElo "2280"]
[BlackElo "2310"]

1.d4 Nf6 2.c4 e6 3.Nc3 Bb4 4.f3 Nc6 5.a3 Bxc3+ 6.bxc3 d6 7.e4 O-O 8.Bd3 b6
9.f4 d5 10.e5 Ne4 11.Nf3 Ba6 12.cxd5 Bxd3 13.Qxd3 exd5 14.O-O f5 15.exf6 Rxf6
16.Ne5 Na5 17.c4 c6 18.Be3 Nd6 19.c5 Ne4 20.Rab1 b5 21.a4 a6 22.Rb2  1/2-1/2

[Event "Wch U16"]
[Site "Singapore"]
[Date "1990.??.??"]
[Round "?"]
[White "Barkhagen, Jonas"]
[Black "Liss, Eran"]
[Result "1/2-1/2"]
[WhiteElo "2235"]
[BlackElo "2300"]

1.d4 Nf6 2.c4 e6 3.Nc3 Bb4 4.f3 c5 5.d5 Bxc3+ 6.bxc3 Qa5 7.Bd2 d6 8.e4 O-O
9.g4 Nbd7 10.Ne2 Ne5 11.Ng3 Qa6 12.Qe2 exd5 13.cxd5 c4 14.Kf2 Qa3 15.h3 Nfd7
16.Nf5 Nc5 17.Bg2 Na4 18.Qe3 Nd3+ 19.Kg3 Bxf5 20.gxf5 Nxc3 21.Bf1 Nb5 22.Bxd3 Qxd3
23.Qxd3 cxd3 24.Rab1 Na3 25.Rxb7 Rfb8 26.Rxb8+ Rxb8 27.Bf4 Nc4 28.Rd1 Rb2
29.Rxd3 Rxa2 30.Rb3 Kf8 31.Rb7 Ke8 32.Rc7 Ra4 33.Rc8+ Ke7 34.Rc7+ Ke8 35.h4 Ne5
36.Rc8+ Ke7 37.Rc7+ Ke8  1/2-1/2

[Event "Sochi"]
[Site "Sochi"]
[Date "1990.??.??"]
[Round "?"]
[White "Bykhovsky, Avigdor"]
[Black "Douven, Rudy C"]
[Result "1-0"]
[WhiteElo "2480"]
[BlackElo "2410"]

1.d4 Nf6 2.c4 e6 3.Nc3 Bb4 4.f3 Nc6 5.a3 Bxc3+ 6.bxc3 d6 7.e4 e5 8.Be3 O-O
9.Ne2 Nh5 10.g4 Qf6 11.Ng3 Nf4 12.h4 Na5 13.Ra2 b6 14.g5 Qe7 15.Bxf4 exf4
16.Nh5 Be6 17.Nxf4 Bxc4 18.Bxc4 Nxc4 19.Qd3 b5 20.O-O c6 21.a4 a6 22.Rg2 Nb6
23.Nh5 Kh8 24.axb5 axb5 25.d5 c5 26.Qxb5 Rfb8 27.Qd3 Nd7 28.f4 Rb3 29.Ng3 Nb6
30.Nf5 Qd7 31.Rb1 Raa3 32.Rxb3 Rxb3 33.Kh2 g6 34.Ne3 Na4 35.Nd1 Qc7 36.Qc4 Ra3
37.Qb5 Qe7 38.Qb8+ Kg7 39.h5 gxh5 40.Ne3 Qf8 41.Nf5+ Kg8 42.Ne7+ Kg7 43.Qxd6  1-0

[Event "Stara Zagora zt-B"]
[Site "Stara Zagora"]
[Date "1990.??.??"]
[Round "6"]
[White "Marin, Mihail"]
[Black "Inkiov, Ventzislav"]
[Result "1-0"]
[WhiteElo "2485"]
[BlackElo "2510"]

1.d4 Nf6 2.c4 e6 3.Nc3 Bb4 4.f3 c5 5.d5 d6 6.e4 O-O 7.Ne2 b5 8.dxe6 Bxe6
9.Nf4 bxc4 10.e5 dxe5 11.Qxd8 Rxd8 12.Nxe6 fxe6 13.Bxc4 Nd5 14.Bg5 Re8 15.O-O-O Nxc3
16.bxc3 Bxc3 17.Rd6 Kf7 18.Kc2 h6 19.Kxc3 hxg5 20.Re1 a5 21.Rxe5 Ra7 22.Rdxe6 Rxe6
23.Rxe6 Kf8 24.Rg6 Nd7 25.Rxg5 Rc7 26.Rf5+ Nf6 27.Re5 Rc6 28.h4 Nd7 29.Rf5+ Rf6
30.Rxf6+ gxf6 31.Be6 Nb6 32.f4 Ke7 33.f5 Kf8 34.g4 Kg7 35.g5  1-0

[Event "Stara Zagora zt-B"]
[Site "Stara Zagora"]
[Date "1990.??.??"]
[Round "10"]
[White "Marin, Mihail"]
[Black "Schneider, Attila"]
[Result "1-0"]
[WhiteElo "2485"]
[BlackElo "2425"]

1.d4 Nf6 2.c4 e6 3.Nc3 Bb4 4.f3 c5 5.d5 d6 6.e4 Bxc3+ 7.bxc3 e5 8.Bd3 Nbd7
9.Ne2 Nf8 10.h4 Qa5 11.Qb3 h6 12.Be3 Kd8 13.Kd2 Kc7 14.a4 Qb6 15.Qc2 a5 16.Ng3 Kb8
17.Nf5 Bxf5 18.exf5 h5 19.Be2 e4 20.fxe4 N8d7 21.Bf4 Kc7 22.Rab1 Qa6 23.Rb5 Rae8
24.Bf3 b6 25.Rhb1 Re7 26.Qd3 Rb8 27.Kc2 Qc8 28.Kb3 Qh8 29.Ka2 Ne5 30.Qe2 g6
31.fxg6 fxg6 32.R1b2 Nfd7 33.g3 Rbe8 34.Bg2 Ng4 35.Qe1 Qg7 36.Bg5 Re5 37.Bf4 R5e7
38.Bg5 Re5 39.Bf3 Ngf6 40.Qb1 Nxe4 41.Bxe4 Rxe4 42.Rxa5 Qxc3 43.Ra7+ Kc8
44.Qc2 Qxc2 45.Rxc2 Re2 46.Rxe2 Rxe2+ 47.Kb3 Re4 48.Bf4 Ne5 49.Bxe5 Rxe5
50.a5 bxa5 51.Ka4 g5 52.Kxa5 gxh4 53.gxh4 Re4 54.Kb5 Rxh4 55.Rh7 Kb8 56.Rd7 Rh1
57.Rxd6 h4 58.Kxc5 h3 59.Rh6 h2 60.Rh7  1-0

[Event "Trnava op"]
[Site "Trnava"]
[Date "1990.??.??"]
[Round "5"]
[White "Bandza, Algirdas"]
[Black "Bjarnason, Saevar"]
[Result "1/2-1/2"]
[WhiteElo "2380"]
[BlackElo "2325"]

1.d4 Nf6 2.c4 e6 3.Nc3 Bb4 4.f3 d5 5.a3 Be7 6.e4 dxe4 7.fxe4 e5 8.d5 Bc5
9.Nf3 Ng4 10.b4 Be3 11.Bxe3 Nxe3 12.Qd2 Nxf1 13.Rxf1 f6 14.Kf2 a5 15.Kg1 O-O
16.c5 axb4 17.axb4 Rxa1 18.Rxa1 Bg4 19.Rf1 b6 20.Qa2 bxc5 21.bxc5 Nd7 22.c6 Nb6
23.Nb5 Rf7 24.d6 Bxf3 25.Rxf3 cxd6 26.c7 Qd7 27.Ra3 g6 28.Ra8+ Nxa8 29.Qxa8+ Rf8
30.Qb7 Rc8 31.Qd5+ Kg7 32.Qb7 Kh6 33.h3 Kg7 34.Qxc8 Qxc8 35.Nxd6 Qd7 36.c8=Q Qxd6
37.Kh2 Qd2 38.Qb7+ Kh6 39.h4 Qe1 40.Kh3 Qe3+ 41.Kh2 Qf4+ 42.Kh3 f5 43.exf5 Qxf5+
44.g4 Qd3+ 45.Kg2 Qe2+ 46.Kg3 Qe3+  1/2-1/2

[Event "Vladivostok op"]
[Site "Vladivostok"]
[Date "1990.??.??"]
[Round "?"]
[White "Yakovich, Yuri"]
[Black "Khasin, Alexander"]
[Result "1/2-1/2"]
[WhiteElo "2520"]
[BlackElo "2475"]

1.d4 Nf6 2.c4 e6 3.Nc3 Bb4 4.f3 d5 5.a3 Bd6 6.c5 Be7 7.e3 b6 8.b4 a5 9.Bd2 c6
10.Bd3 Ba6 11.Bxa6 Rxa6 12.Nge2 O-O 13.O-O Nbd7 14.Qc2 Qa8 15.Rab1 axb4 16.axb4 e5
17.Be1 bxc5 18.bxc5 Re8 19.Bf2 exd4 20.exd4 Nf8 21.Nf4 Bd8 22.Rb3 Bc7 23.Nd3 Ne6
24.Rfb1 Ra1 25.Nb4 Rxb1+ 26.Rxb1 Rb8 27.Qa4 Qxa4 28.Nxa4 Nd7 29.Nc3  1/2-1/2

[Event "Vladivostok op"]
[Site "Vladivostok"]
[Date "1990.??.??"]
[Round "?"]
[White "Kazak, Viktor"]
[Black "Anikaev, Yuri N"]
[Result "1/2-1/2"]
[WhiteElo "2320"]
[BlackElo "2445"]

1.d4 Nf6 2.c4 e6 3.Nc3 Bb4 4.f3 c5 5.d5 exd5 6.cxd5 O-O 7.e4 Re8 8.Ne2 d6
9.Ng3 Nbd7 10.Be2 a6 11.O-O Rb8 12.Bg5 h6 13.Bd2 b5 14.Nf5 c4 15.Kh1 Bc5
16.g4 Ne5 17.b3 cxb3 18.axb3 Qb6 19.Qc1 Bxf5  1/2-1/2

[Event "Voskresensk"]
[Site "Voskresensk"]
[Date "1990.??.??"]
[Round "?"]
[White "Khenkin, Igor"]
[Black "Kholmov, Ratmir D"]
[Result "1-0"]
[WhiteElo "2450"]
[BlackElo "2485"]

1.d4 Nf6 2.c4 e6 3.Nc3 Bb4 4.f3 c5 5.d5 Nh5 6.Nh3 Qh4+ 7.Nf2 Qxc4 8.e4 Bxc3+
9.bxc3 Qxc3+ 10.Bd2 Qe5 11.Rc1 b6 12.g4 Nf6 13.f4 Qc7 14.g5 Ng8 15.Bc3 Kf8
16.d6 Qd8 17.Qd2 h6 18.Qb2 Rh7 19.g6 fxg6 20.Rg1 Nf6 21.Rxg6 Qe8 22.Rg1 Qf7
23.Bd3 Ba6 24.Bb1 Ne8 25.e5 Qxf4 26.Bxh7 Qe3+ 27.Kd1 Qf3+ 28.Ke1 Qe3+ 29.Kd1 Qf3+
30.Kc2 Qxf2+ 31.Kb1 Qxb2+ 32.Kxb2 g5 33.h4 Ng7 34.hxg5 h5 35.Rc2 Nf5 36.Bxf5 exf5
37.Rh2 Nc6 38.Rxh5 Bc4 39.g6 Be6 40.Rh8+ Bg8 41.e6 dxe6 42.Bf6 e5 43.Rxg8+ Kxg8
44.Rh1  1-0

[Event "Voskresensk"]
[Site "Voskresensk"]
[Date "1990.??.??"]
[Round "?"]
[White "Khenkin, Igor"]
[Black "Ulibin, Mikhail"]
[Result "0-1"]
[WhiteElo "2450"]
[BlackElo "2500"]

1.d4 e6 2.c4 Nf6 3.Nc3 Bb4 4.f3 d5 5.a3 Bxc3+ 6.bxc3 c5 7.cxd5 Nxd5 8.Qd3 Nc6
9.e4 Nb6 10.Be3 cxd4 11.cxd4 O-O 12.Be2 Bd7 13.Nh3 Na5 14.Bg5 f6 15.Bd2 Nbc4
16.Bb4 Re8 17.Nf4 Rc8 18.O-O Bb5 19.d5 Qb6+ 20.Rf2 e5 21.Nh5 Nd6 22.Qd1 Bxe2
23.Qxe2 Nb3 24.Rb1 Nd4 25.Qd3 Rc2 26.Rff1 Rec8 27.Kh1 R8c7 28.f4 a5 29.fxe5 fxe5
30.Qg3 axb4 31.Nf6+ Kh8 32.Nd7 N4f5 33.Nxb6 Nxg3+ 34.hxg3 Kg8 35.Rxb4 Re2
36.Ra4 h5 37.Rd1 Rcc2 38.Rg1 Nxe4 39.Kh2 Nc5  0-1

[Event "Werfen op"]
[Site "Werfen"]
[Date "1990.??.??"]
[Round "8"]
[White "Khenkin, Igor"]
[Black "Dokhoian, Yury"]
[Result "1/2-1/2"]
[WhiteElo "2450"]
[BlackElo "2540"]

1.d4 e6 2.c4 Nf6 3.Nc3 Bb4 4.f3 Nc6 5.e4 d5 6.cxd5 exd5 7.e5 Ng8 8.a3 Ba5
9.Bb5 Bd7 10.Ne2 Bxc3+ 11.bxc3 Nxe5 12.Qb3 c6 13.dxe5 cxb5 14.Nd4 Ne7 15.Bg5 O-O
16.O-O Re8 17.f4 Qc7 18.Bxe7 Rxe7 19.Rf3 Qc4 20.Qb2 Rae8 21.Qd2 a6 22.h3 Qc8
23.Qd3 Qc4 24.Qd2 Qc8 25.Qd3  1/2-1/2

[Event "Wiesbaden op"]
[Site "Wiesbaden"]
[Date "1990.??.??"]
[Round "?"]
[White "Gutman, Lev"]
[Black "Bandza, Algirdas"]
[Result "1-0"]
[WhiteElo "2475"]
[BlackElo "2380"]

1.d4 Nf6 2.c4 e6 3.Nc3 Bb4 4.f3 d5 5.a3 Be7 6.e4 dxe4 7.fxe4 e5 8.d5 Ng4
9.Nf3 Bc5 10.Na4 Bf2+ 11.Ke2 b5 12.h3 bxa4 13.hxg4 Bg3 14.Rh3 Bf4 15.Bxf4 exf4
16.Rh4 Qf6 17.e5 Qb6 18.Qxa4+ Bd7 19.Qc2 Qe3+ 20.Kd1 g5 21.Nxg5 Nc6 22.e6 fxe6
23.Qc3 Nd4 24.Qxe3 fxe3 25.Bd3 exd5 26.cxd5 Ba4+ 27.Ke1 Bc2 28.Ne6 Bxd3 29.Nxd4 O-O
30.Nf3 Rad8 31.Rh5 Rf4 32.Rd1 Bg6 33.Rg5  1-0

[Event "Euwe mem"]
[Site "Amsterdam"]
[Date "1991.??.??"]
[Round "5"]
[White "Gurevich, Mikhail"]
[Black "Timman, Jan H"]
[Result "1/2-1/2"]
[WhiteElo "2650"]
[BlackElo "2630"]

1.d4 Nf6 2.c4 e6 3.Nc3 Bb4 4.f3 d5 5.a3 Bxc3+ 6.bxc3 c5 7.cxd5 Nxd5 8.Qd3 O-O
9.e4 Ne7 10.Be3 Qa5 11.Qd2 Rd8 12.Bd3 Nbc6 13.Ne2 b6 14.Ra2 Ba6 15.O-O cxd4
16.Nxd4 e5 17.Nxc6 Nxc6 18.c4 Bxc4 19.Qxa5 Nxa5 20.Bxc4 Nxc4 21.Bf2 Rac8
22.h4 f6 23.a4 Nd2 24.Re1 Nb3 25.Rb1 Nd2 26.Re1 Nb3 27.Rb1 Rd3 28.Kh2 Rd2
29.Rxd2 Nxd2 30.Rd1 Rc2 31.Kg1 h5 32.Be1 Nc4 33.Rd8+ Kh7 34.Rd7 a6 35.Bb4 Ne3
36.Bd2 Nc4 37.Bb4 Ne3  1/2-1/2

[Event "Asuncion"]
[Site "Asuncion"]
[Date "1991.??.??"]
[Round "4"]
[White "Riline Orso, Alejandro"]
[Black "Vazquez, Renier"]
[Result "1/2-1/2"]
[WhiteElo "2200"]
[BlackElo "2460"]

1.d4 Nf6 2.c4 e6 3.Nc3 Bb4 4.f3 d5 5.a3 Bxc3+ 6.bxc3 O-O 7.e3 c5 8.Bd3 Nc6
9.Ne2 e5 10.cxd5 Nxd5 11.O-O cxd4 12.exd4 exd4 13.cxd4 Be6 14.Rb1 Qd7 15.Kh1 Rfe8
16.Qc2 h6 17.Bd2 Rac8 18.Qb2 Nb6 19.Rfc1 Bf5 20.Bxf5 Qxf5 21.Ng3 Qd3 22.d5 Qxd5
23.Ne4 Qe6 24.Bf4 Nd5 25.Bg3 Na5 26.Nd6 Rxc1+ 27.Rxc1 Re7 28.Nc8 Re8 29.Nd6 Qe2
30.Qxe2 Rxe2 31.Kg1 Rd2 32.Be1 Ra2 33.Bxa5 Nf4 34.Rd1 Rxg2+ 35.Kh1 Rb2 36.Bd2 Nd3
37.Kg2 Ra2 38.Kg3 Rxa3 39.Nxb7 Ra6 40.f4 Ra3 41.Be3 a5 42.Nd6 Nb2 43.Re1 Rb3
44.Kg4 Rd3 45.Bc1 Rxd6 46.Bxb2 Rd2 47.Bc3 Rxh2 48.Bxa5 Rg2+ 49.Kf3 Ra2 50.Re8+ Kh7
51.Bb4 Ra4 52.Be7 f6 53.Bf8 g5 54.fxg5 hxg5 55.Re6 Kg6 56.Be7 Rf4+ 57.Kg3 Kf7
58.Rxf6+ Rxf6 59.Bxf6 Kxf6 60.Kg4  1/2-1/2

[Event "Augsburg"]
[Site "Augsburg"]
[Date "1991.??.??"]
[Round "7"]
[White "Komljenovic, Davor"]
[Black "Andresen, Steffen"]
[Result "1-0"]
[WhiteElo "2470"]
[BlackElo "2295"]

1.d4 Nf6 2.c4 e6 3.Nc3 Bb4 4.f3 c5 5.d5 d6 6.e4 Bxc3+ 7.bxc3 Qa5 8.Bd2 O-O
9.Ne2 Nbd7 10.Ng3 Ne5 11.Be2 Bd7 12.a4 Ng6 13.O-O Qd8 14.Be3 Qe7 15.Qd2 b6
16.a5 Rfb8 17.Rfb1 bxa5 18.Rd1 exd5 19.cxd5 a4 20.Re1 Ne5 21.h3 Ne8 22.f4 Ng6
23.Bd1 Rb7 24.Bxa4 Bxa4 25.Rxa4 Rab8 26.Qf2 Rb2 27.Re2 Rb1+ 28.Kh2 Nf6 29.Re1 R1b2
30.Bd2 Qd7 31.Ra6 R8b6 32.Rea1 Rxa6 33.Rxa6 Ne7 34.c4 Ne8 35.e5 Qb7 36.Ra1 Rc2
37.Rc1 Rxc1 38.Bxc1 Qb4 39.Qa2 Qb6 40.Ne4 Nf5 41.Qa4 Kf8 42.Qd7 g6 43.Ng5 Qc7
44.e6 h6 45.Nh7+ Kg7 46.Bb2+ Nd4 47.Qxe8  1-0

[Event "Bad Lauterberg"]
[Site "Bad Lauterberg"]
[Date "1991.??.??"]
[Round "?"]
[White "Soffer, Ram"]
[Black "Romanishin, Oleg M"]
[Result "0-1"]
[WhiteElo "2450"]
[BlackElo "2600"]

1.d4 Nf6 2.c4 e6 3.Nc3 Bb4 4.f3 c5 5.d5 Nh5 6.g3 f5 7.e4 O-O 8.e5 Bxc3+ 9.bxc3 f4
10.Ne2 d6 11.Nxf4 Nxf4 12.Bxf4 dxe5 13.Bxe5 Nd7 14.Bd6 Re8 15.Bf4 Qf6 16.Kf2 Qxc3
17.Rc1 Qf6 18.dxe6 Nf8 19.Bg2 Bxe6 20.Be3 Rad8 21.Qb3 Nd7 22.Rhd1 Ne5 23.Bxc5 Rxd1
24.Rxd1 Bxc4 25.Qa4 b5 26.Qxa7 Be2 27.Rd4 Bxf3 28.Rf4 Nd3+ 29.Kxf3 Ne1+ 30.Kg4 Qe6+
31.Rf5 Nxg2 32.Bd4 h5+ 33.Kh3 Qxf5+ 34.Kxg2 Re2+ 35.Bf2 Qd5+ 36.Kg1 Rxa2
37.Qb8+ Kh7  0-1

[Event "Baku"]
[Site "Baku"]
[Date "1991.??.??"]
[Round "?"]
[White "Bajarany, Ilgar"]
[Black "Magomedov, Magaram"]
[Result "0-1"]
[WhiteElo "2255"]
[BlackElo "2470"]

1.d4 Nf6 2.c4 e6 3.Nc3 Bb4 4.f3 c5 5.d5 b5 6.e4 bxc4 7.Bxc4 exd5 8.Bxd5 Nxd5
9.Qxd5 Nc6 10.Ne2 Ba6 11.Bg5 Qb6 12.Kf2 O-O 13.a3 Bxc3 14.bxc3 Rfe8 15.Rhe1 Ne5
16.Kf1 Bc4 17.Qd2 d5 18.Kg1 dxe4 19.fxe4 h6 20.Bh4 Qg6 21.Bg3 Rad8 22.Qe3 Nd3
23.Nf4 Qc6 24.Nxd3 Rxd3 25.Qf4 Rxc3 26.Qd6 Qxd6 27.Bxd6 Bd3 28.e5 c4 29.Rec1 Rb3
30.Kf2 c3 31.Re1 c2 32.Rac1 Rb1 33.Ke3 Bg6 34.Kd2 f6 35.Re3 fxe5 36.Rxe5 Rd8  0-1

[Event "Beijing op"]
[Site "Beijing"]
[Date "1991.??.??"]
[Round "8"]
[White "Moskalenko, Viktor"]
[Black "Long, Peter"]
[Result "1-0"]
[WhiteElo "2525"]
[BlackElo "2245"]

1.d4 Nf6 2.c4 e6 3.Nc3 Bb4 4.f3 c5 5.d5 Nh5 6.g3 f5 7.Bg2 O-O 8.f4 Nf6 9.Nf3 Ne4
10.O-O Bxc3 11.bxc3 b6 12.Ng5 Nxg5 13.fxg5 e5 14.d6 Nc6 15.e4 fxe4 16.Bxe4 Rxf1+
17.Qxf1 Bb7 18.Qd3 g6 19.Bxg6 e4 20.Bxe4 Ne5 21.Bd5+ Bxd5 22.Qxd5+ Nf7 23.g6 hxg6
24.Bg5 Qxg5 25.Qxa8+ Kg7 26.Rf1 Qe3+ 27.Kh1 Qxc3 28.Qe4 Ne5 29.Qf4 Qd4 30.Qf6+ Kh7
31.Re1  1-0

[Event "Belgorod"]
[Site "Belgorod"]
[Date "1991.??.??"]
[Round "?"]
[White "Yakovich, Yuri"]
[Black "Kiselev, Sergey"]
[Result "1/2-1/2"]
[WhiteElo "2530"]
[BlackElo "2475"]

1.d4 Nf6 2.c4 e6 3.Nc3 Bb4 4.f3 c5 5.d5 d6 6.e4 O-O 7.Ne2 b5 8.dxe6 Bxe6
9.Nf4 bxc4 10.e5 Ne8 11.Nxe6 fxe6 12.exd6 Nxd6 13.Be2 Qh4+ 14.g3 Qd4 15.Bd2 Nc6
16.a3 Ba5 17.Qa4 Bxc3 18.bxc3 Qd5 19.Bf4 Ne5 20.O-O Rad8 21.Bxe5 Qxe5 22.Bxc4 Qxc3
23.Bxe6+ Kh8 24.Qg4 Nb5 25.Bf5 Rd6 26.Kh1 Rh6 27.Be4 Qb2 28.h4 Qf6 29.a4 Nd6
30.Rae1  1/2-1/2

[Event "Benidorm op"]
[Site "Benidorm"]
[Date "1991.??.??"]
[Round "3"]
[White "Gallego, Victoriano"]
[Black "Emms, John M"]
[Result "1-0"]
[WhiteElo "2305"]
[BlackElo "2440"]

1.d4 Nf6 2.c4 e6 3.Nc3 Bb4 4.f3 c5 5.d5 Nh5 6.g3 f5 7.Bd2 O-O 8.f4 d6 9.Bg2 e5
10.e3 Nf6 11.Nge2 e4 12.a3 Bxc3 13.Nxc3 Na6 14.Bf1 Bd7 15.Be2 Qe8 16.O-O Kh8
17.a4 Nb4 18.Nb5 Bxb5 19.axb5 a6 20.bxa6 bxa6 21.Bc3 Qg6 22.Rf2 Rfb8 23.Rg2 Nd3
24.Bxd3 exd3 25.Qxd3 Ne4 26.h3 Rb3 27.Bxg7+ Qxg7 28.Qxb3 Rg8 29.Kh2 h5 30.Rag1 Kh7
31.Qc2 Qf6 32.Qe2 Kh6 33.Qf3 Rh8 34.Kh1 Kg7 35.Qd1 Rb8 36.Qa4 Qe7 37.Qxa6 Kf6
38.Qa1 Rb3 39.Qd1 Rxe3 40.Qxh5 Qg7 41.Kh2 Rb3 42.Qe8 Qf7 43.Qh8+ Qg7 44.Qh4+ Kf7
45.Ra1 Rb7 46.Ra8 Re7 47.Qh5+ Kf6 48.Rh8 Rf7 49.Qh4+  1-0